Coat of Arms - Europe Countries - Statistics

General Stats
  • This quiz has been taken 13 times
  • The average score is 40 of 45
Answer Stats
Picture Answer % Correct
Albania
100%
Andorra
100%
Austria
100%
Belarus
100%
Bosnia & Herzegovina
100%
Croatia
100%
Germany
100%
Greece
100%
Iceland
100%
Ireland
100%
Kosovo
100%
Malta
100%
San Marino
100%
Slovakia
100%
Switzerland
100%
United Kingdom
100%
Denmark
90%
France
90%
Italy
90%
Lithuania
90%
Moldova
90%
Portugal
90%
Serbia
90%
Slovenia
90%
Spain
90%
Sweden
90%
Ukraine
90%
Vatican City
90%
Belgium
80%
Bulgaria
80%
Czech Republic
80%
Estonia
80%
Hungary
80%
Latvia
80%
Liechtenstein
80%
Luxembourg
80%
Monaco
80%
Norway
80%
Poland
80%
Romania
80%
Russia
80%
Finland
70%
Montenegro
70%
Netherlands
70%
North Macedonia
70%
No matching quizzes found
Score Distribution
Percent of People with Each Score
Percentile by Number Answered
Your Score History
You have not taken this quiz